000 00769nam a2200229 a 4500
001 000041793
005 20201002035746.0
008 130902s1985 sp a 000 0 spa d
020 _a843458171x
040 _aDO-SdBNP
_bspa
_cBNPHU
082 _axxx
_bxxx
100 1 _aVögtle, Fritz
_968656
240 1 0 _aEdison
_lAleman
245 1 0 _aEdison /
_cFritz Vögtle; prólogo, Manuel Toharia; traducción, Miguel Ruiz Schwarzer.
260 _aBarcelona :
_bSalvat,
_c1985.
300 _a199 p. :
_bil. ;
_c20 cm.
490 1 _aBiblioteca Salvat de grandes biografías
_v26
504 _aBibliografía p: 199
700 1 _aToharia, Manuel
_eprol.
_968657
700 1 _aRuiz Schwarzer, Miguel
_etrad.
_968658
830 0 _aBiblioteca Salvat de grandes biografías
_v26
_942025
999 _c41282
_d41282